Statistics for Music Theory Quiz!

Click here to take the quiz!

General Stats

  • This quiz has been taken 302 times
  • The average score is 8 of 15

Answer Stats

Question Answer % Correct
How many sharps has got the key of B major?5
99%
Using the Treble Clef, what note is located in the 4th line (starting from the bottom)?D
98%
Using the Bass Clef, what note is located in the space below the first line (starting from the bottom)?F
80%
How many flats has got the key of E flat minor?6
78%
How many sixteenth notes can we place inside a dotted half note?12
68%
What's the relative minor key for B flat major?G minor
63%
What's the name of the note part going up from the note head and holding the flag?Stem
62%
What's the name of the scale with twelve pitches, each a semitone above or below another?Chromatic Scale
52%
In the key of G major, what chord is located in the fourth (IV) degree of the scale?C major
43%
How many minor chords are located on a major diatonic scale?3
42%
What note we'll get if we apply a m3 ascending interval to F?A flat
38%
An ordinary piano can play from A0 to...?C8
34%
How many eighth note triplets can we place inside a 5/2 time signature measure?10
32%
What's the interval between E flat and A?A4
26%
What's the dominant key of A flat major?E flat major
24%

Score Distribution

Percentile by Number Answered

Percent of People with Each Score

Your Score History

You have not taken this quiz